| 000 | 00614nam a22002177a 4500 | ||
|---|---|---|---|
| 003 | OSt | ||
| 005 | 20180116183034.0 | ||
| 008 | 160209b xxu||||| |||| 00| 0 eng d | ||
| 020 | _a9781784152383 | ||
| 022 | _a9781784152383 | ||
| 040 | _c0 | ||
| 082 | _a657 ACC 2015 | ||
| 100 | _aKaplan Publishing | ||
| 110 | _aKaplan Publishing. | ||
| 245 |
_aACCA Text Paper P7 INT/UK . _bAdvanced Audit and Assurance (AAA). _cKaplan Publishing. |
||
| 260 |
_aUK. _bKaplan Publishing. _c2015. |
||
| 300 | _a660+2p. | ||
| 440 | _aAdvanced Audit and Assurance (AAA). | ||
| 500 | _aPaper Cover. | ||
| 942 |
_2ddc _cBK _k657 |
||
| 999 |
_c351126 _d351126 |
||